000 00216nam a22000977a 4500
003 OSt
008 210116b ||||| |||| 00| 0 eng d
100 _aVinayan
_94872
245 _aKoovalam veendum thalirthu
942 _cBK
999 _c16570
_d16570